Escuta bem, cãozinho! (Record no. 46126)
[ view plain ]
| 000 -Etiqueta do registo | |
|---|---|
| Valores | 00876nam a2200277 4500 |
| 010 ## - Número ISBN | |
| ISBN | 9789896616595 |
| 021 ## - Número do Depósito Legal | |
| Número | 520425/23 |
| 100 ## - Dados gerais de processamento | |
| Dados gerais | 20231107d2023 c y0pory50030103ba |
| 101 1# - Língua de publicação | |
| Língua | por |
| 102 ## - País de publicação | |
| País | PT |
| 200 1# - Titulo e menção de responsabilidade | |
| Título próprio | Escuta bem, cãozinho! |
| Primeira menção de responsabilidade | texto Steve Smallman , il. Daniel Howarth |
| Outras menções de responsabilidade | trad. Eugénia Antunes |
| 205 ## - Menção da edição | |
| Edição | 1.ª ed. |
| 210 #9 - Publicação | |
| Local de publicação | Alfragide |
| Nome do editor | Leya, |
| -- | dist. Pingo Doce |
| Data de publicação | 2023 |
| 215 ## - Descrição física | |
| Paginação / Volumes | [25] p. |
| Outras indicações físicas | il. |
| Dimensões | 26 cm |
| 225 2# - Colecção | |
| Título próprio da colecção | Hora da história |
| Indicação de volume | 19 |
| 304 ## - Nota relativa ao título | |
| Texto de nota | Tít. orig.: Listen up, pup! |
| 675 ## - CDU | |
| Notação | 087.5 |
| Edição | BN |
| Língua | por |
| 675 ## - CDU | |
| Notação | 821.111-93"20" |
| Edição | BN |
| Língua | por |
| 700 #1 - Autor principal | |
| Apelido | Smallman, |
| Nome | Steve, |
| Datas | 1959- |
| 701 #1 - Autor co-responsavel | |
| Apelido | Howarth, |
| Nome | Daniel |
| Função | 070 |
| 702 #1 - Autor secundário | |
| Apelido | Antunes, |
| Nome | Eugénia, |
| Datas | 1972- |
| Função | 730 |
| 801 #0 - Fonte de origem | |
| País | PT |
| Agência | BN |
| Regras de catalogação | RPC |
| 856 41 - Localização e acesso electrónico | |
| URL | <a href="http://rnod.bnportugal.gov.pt/ImagesBN/winlibimg.aspx?skey=&doc=2148266&img=185302&save=true">http://rnod.bnportugal.gov.pt/ImagesBN/winlibimg.aspx?skey=&doc=2148266&img=185302&save=true</a> |
| 990 ## - Elementos KOHA | |
| Tipo de documento | MON |
| Aquisição | Empréstimo | Código de barras | Cota | Permissão de empréstimo | Tipo de documento |
|---|---|---|---|---|---|
| Biblioteca do Centro Escolar de Redondo | Biblioteca do Centro Escolar de Redondo | 83018 | 82-93 AA.VV. LIT. INF. JUV. | Livro |